Fungi and allied microorganisms / (رقم التسجيلة. 31168)
[ عرض عادي ]
| 000 -الفاتح | |
|---|---|
| حقل البيانات ثابتة الطول | 00498nam a2200193 a 4500 |
| 001 - رقم الضبط | |
| رقم الضبط | ASIN8177543148 |
| 003 - محدد رقم الضبط | |
| رقم الضبط | OSt |
| 005 - وقت وتاريخ اخر تعامل مع التسجيلة | |
| رقم الضبط | 20150408114142.0 |
| 008 - عناصر البيانات ثابتة الطول - معلومات عامة | |
| حقل البيانات ثابتة الطول | 130928s2012 xxu eng d |
| 020 ## - الرقم الدولى المعيارى للكتب | |
| الرقم الدولى المعيارى للكتاب | 9780070700383 |
| 040 ## - مصدر الفهرسة | |
| وكالة الفهرسة الأصلية | Ma-Un |
| 082 ## - رقم تصنيف ديوى العشرى | |
| رقم الطبعة | 22 |
| رقم التصنيف | 579.5 |
| 100 1# - المدخل الرئيسى - إسم شخصى | |
| الإسم الشخصى | Sharma, O P. |
| 9 (RLIN) | 37514 |
| 245 10 - بيان العنوان | |
| العنوان | Fungi and allied microorganisms / |
| بيان المسئوليه,etc | Sharma, O P. |
| 260 ## - PUBLICATION, DISTRIBUTION, ETC. (IMPRINT) | |
| مكان الناشر او الموزع | New Delhi : |
| اسم الناشر او الموزع | Tata McGraw-Hill,, |
| تاريخ النشر أو التوزيع | 2011 |
| 300 ## - الوصف المادى | |
| التعداد | 474 P. |
| أبعاد الوعاء | 24 cm |
| 650 ## - المدخل الاضافى بالموضوع-مصطلح موضوعى | |
| مصطلح موضوعي أو اسم جغرافي كعنصر مدخل | Fungi |
| 9 (RLIN) | 5548 |
| 942 ## - عناصر المدخل الإضافي( كوها) | |
| مصدر التصنيف او مخطط الترفيف | Dewey Decimal Classification |
| Koha [default] item type | كتاب |
| حالة الفقد | نموذج السعر الفعال | حالة تلف | ليس للاعارة | رقم الطلب | رقم النسخة | تاريخ الاكتساب | الموقع الحالي | الباركود | الفرع الرئيسي | Date last seen | نوع المادة فى نظام كوها | مصدر التصنيف او خطة الترفيف | Total Checkouts | Date last checked out |
|---|---|---|---|---|---|---|---|---|---|---|---|---|---|---|
| 2013-10-10 | 579.5 SOF | n1 | 2013-10-10 | المكتبة المركزية بالمجمعة (CL) | 00451102 | المكتبة المركزية بالمجمعة (CL) | 2013-10-10 | كتاب | Dewey Decimal Classification | |||||
| 2013-10-10 | 579.5 SOF | n1 | 2013-10-10 | المكتبة المركزية بالمجمعة (CL) | 00451103 | المكتبة المركزية بالمجمعة (CL) | 2017-12-13 | كتاب | Dewey Decimal Classification | 1 | 2017-11-27 | |||
| 2013-10-10 | Not For Loan | 579.5 SOF | n3 | 2013-10-10 | مكتبة مجمع الكليات بالزلفى - طلاب (SZM) | 00451104 | مكتبة مجمع الكليات بالزلفى - طلاب (SZM) | 2013-10-10 | كتاب | Dewey Decimal Classification | ||||
| 2013-10-10 | 579.5 SOF | n1 | 2013-10-10 | مكتبة مجمع الكليات بالزلفى - طلاب (SZM) | 00451106 | مكتبة مجمع الكليات بالزلفى - طلاب (SZM) | 2019-09-26 | كتاب | Dewey Decimal Classification | 1 | 2019-08-27 | |||
| 2013-10-10 | 579.5 SOF | n2 | 2013-10-10 | مكتبة مجمع الكليات بالزلفى - طلاب (SZM) | 00451105 | مكتبة مجمع الكليات بالزلفى - طلاب (SZM) | 2013-10-10 | كتاب | Dewey Decimal Classification | |||||
| 2013-10-10 | Not For Loan | 579.5 SOF | n3 | 2013-10-10 | مكتبة مجمع الكليات بالزلفى - طلاب (SZM) | 00451107 | مكتبة مجمع الكليات بالزلفى - طلاب (SZM) | 2013-10-10 | كتاب | Dewey Decimal Classification |
